Cricket World Cup Winners - Statistics

General Stats
  • This quiz has been taken 7,149 times
    7,146 since last reset
  • The average score is 10 of 10
Answer Stats
Hint Answer % Correct
1983 India
100%
2011 India
100%
1987 Australia
99%
1999 Australia
99%
2003 Australia
99%
2007 Australia
99%
1992 Pakistan
97%
1975 West Indies
94%
1979 West Indies
94%
1996 Sri Lanka
92%
No matching quizzes found
Score Distribution
Percent of People with Each Score
Percentile by Number Answered
Your Score History
You have not taken this quiz since the last reset